[Event "Avoine op 34th"]
[Site "Avoine"]
[Date "2019.07.20"]
[Round "5"]
[White "Mancini, Mario"]
[Black "Kibleur, Christophe"]
[Result "1-0"]
[WhiteElo "2166"]
[BlackElo "1894"]
[PlyCount "75"]
[EventDate "2019.07.20"]
[EventType "swiss"]
[EventRounds "9"]
[EventCountry "FRA"]
[SourceTitle "EXT 2020"]
[Source "ChessBase"]
[SourceDate "2019.10.17"]
[SourceVersion "1"]
[SourceVersionDate "2019.10.17"]
[SourceQuality "1"]

1. d4 Nf6 2. c4 c6 3. Nc3 d5 4. e3 e6 5. Nf3 a6 6. b3 Bb4 7. Bd2 Nbd7 8. Bd3 0-0 9. 0-0 b5 10. Nxd5 Nxd5 11. cxd5 Bxd2 12. dxc6 Ba5 13. cxd7 Qxd7 14. Ne5 Qd5 15. Be2 Rb8 16. Bf3 Qd6 17. Rc1 Bd7 18. Bc6 Be8 19. Bxe8 Rfxe8 20. Rc6 Qd5 21. Qf3 Qxf3 22. Nxf3 Ra8 23. Rfc1 Bb4 24. Ne5 Red8 25. g3 h5 26. Nd3 Bd6 27. Nc5 Ra7 28. Nxa6 e5 29. Rc8 Rxc8 30. Rxc8+ Kh7 31. dxe5 Bxe5 32. Rc5 Bd6 33. Rc6 Be5 34. Rb6 Bc3 35. Rc6 Bd2 36. Kf1 Ba5 37. Nc5 g5 38. Ra6 1-0

[Event "Avoine op 32nd"]
[Site "Avoine"]
[Date "2017.07.22"]
[Round "4"]
[White "Kibleur, Christophe"]
[Black "Kutchoukov, Daniel"]
[Result "1-0"]
[WhiteElo "2008"]
[BlackElo "1772"]
[PlyCount "89"]
[EventDate "2017.07.22"]
[EventType "swiss"]
[EventRounds "9"]
[EventCountry "FRA"]
[SourceTitle "CBM 179 Extra"]
[Source "ChessBase"]
[SourceDate "2017.08.23"]
[SourceVersion "1"]
[SourceVersionDate "2017.08.23"]
[SourceQuality "1"]

1. c4 Nf6 2. g3 g6 3. Bg2 Bg7 4. Nc3 0-0 5. e4 d6 6. d3 e5 7. Nge2 Be6 8. 0-0 Nc6 9. h3 Nd7 10. Rb1 f5 11. Nd5 Ne7 12. Nxe7+ Qxe7 13. exf5 Bxf5 14. g4 Be6 15. Bxb7 Rab8 16. Bg2 e4 17. Nf4 Nf6 18. Nxe6 Qxe6 19. b3 exd3 20. Qxd3 Kh8 21. Be3 Nd7 22. Qd2 Ne5 23. f4 Nd7 24. Rbe1 Rbe8 25. Bxa7 Qf7 26. Rxe8 Rxe8 27. Bd4 Nc5 28. f5 gxf5 29. Rxf5 Qe6 30. Bxg7+ Kxg7 31. Qd4+ Kg6 32. Qf4 Qe3+ 33. Qf2 Qd3 34. Rf6+ Kg7 35. Rf7+ Kg8 36. Qf6 Ne6 37. Qf1 Qd4+ 38. Kh1 Ng5 39. Rf4 Qd2 40. Bd5+ Ne6 41. Re4 Qh6 42. g5 Qg6 43. Qe2 Kf7 44. Bxe6+ Rxe6 45. Rxe6 1-0

[Event "Andorra op 21st"]
[Site "Andorra"]
[Date "2003.07.06"]
[Round "2"]
[White "Kibleur, Christophe"]
[Black "Ibarra Jerez, Jose Carlos"]
[Result "0-1"]
[WhiteElo "2080"]
[BlackElo "2387"]
[PlyCount "80"]
[EventDate "2003.07.05"]
[EventType "swiss"]
[EventRounds "9"]
[EventCountry "AND"]
[SourceTitle "CBM 095 Extra"]
[Source "ChessBase"]
[SourceDate "2003.09.04"]
[SourceVersion "1"]
[SourceVersionDate "2003.09.04"]
[SourceQuality "1"]

1. c4 Nf6 2. Nc3 e5 3. g3 Bb4 4. Bg2 0-0 5. Nf3 Re8 6. 0-0 c6 7. d4 e4 8. Ng5 d5 9. Qb3 Bxc3 10. bxc3 h6 11. Nh3 dxc4 12. Qxc4 Be6 13. Qa4 b5 14. Qd1 Nbd7 15. a4 Nb6 16. axb5 cxb5 17. f3 Na4 18. Rxa4 bxa4 19. fxe4 Nxe4 20. Qd3 Bxh3 21. Bxh3 Qe7 22. c4 Ng5 23. Bg2 Rab8 24. Bf4 Rb3 25. Qf5 Qe6 26. Bxg5 Qxf5 27. Rxf5 hxg5 28. Kf2 g4 29. Ra5 a3 30. Rxa7 Rb2 31. Bf1 Re6 32. Rxa3 Rf6+ 33. Ke3 Rxf1 34. d5 Rd1 35. Rc3 Kf8 36. Ra3 Ke7 37. Ra7+ Kf6 38. Kf4 Rd4+ 39. e4 g5+ 40. Kxg4 Rxe4+ 0-1

[Event "Avoine op 08th"]
[Site "Avoine"]
[Date "1993.??.??"]
[Round "?"]
[White "Kibleur, Christophe"]
[Black "Girard, Claude"]
[Result "1-0"]
[WhiteElo "1640"]
[BlackElo "1730"]
[PlyCount "87"]
[EventDate "1993.07.??"]
[EventType "swiss"]
[EventRounds "9"]
[EventCountry "FRA"]
[SourceTitle "EXT 1999"]
[Source "ChessBase"]
[SourceDate "1998.11.16"]
[SourceVersion "1"]
[SourceVersionDate "1998.11.16"]
[SourceQuality "1"]

1. d4 Nf6 2. Nc3 g6 3. e4 d6 4. f4 Bg7 5. Nf3 0-0 6. Bd3 c5 7. dxc5 dxc5 8. 0-0 Nc6 9. h3 a6 10. a4 e6 11. Be3 b6 12. Qe1 Nd4 13. Rd1 Nxf3+ 14. Rxf3 Qc7 15. Qh4 Bb7 16. f5 exf5 17. Bh6 Rad8 18. Bxg7 Kxg7 19. Rxf5 Qc6 20. Rf2 c4 21. e5 Nd5 22. Be4 Qe6 23. Nxd5 Bxd5 24. Rfd2 Bxe4 25. Rxd8 Rxd8 26. Qxd8 Qxe5 27. Qxb6 Bxc2 28. Qd4 Qxd4+ 29. Rxd4 Bxa4 30. Rxc4 Bb5 31. Rc7 h5 32. Kf2 g5 33. g3 Kg6 34. Ke3 f5 35. h4 gxh4 36. gxh4 Kf6 37. Kf4 Ke6 38. b4 Kd6 39. Rc5 Bd3 40. Rxf5 Bxf5 41. Kxf5 Ke7 42. Kg5 Kf7 43. Kxh5 Kg7 44. Kg5 1-0

[Event "Avoine op 08th"]
[Site "Avoine"]
[Date "1993.??.??"]
[Round "?"]
[White "Kibleur, Christophe"]
[Black "Roinel, Franck"]
[Result "1/2-1/2"]
[WhiteElo "1640"]
[BlackElo "1990"]
[PlyCount "58"]
[EventDate "1993.07.??"]
[EventType "swiss"]
[EventRounds "9"]
[EventCountry "FRA"]
[SourceTitle "EXT 1999"]
[Source "ChessBase"]
[SourceDate "1998.11.16"]
[SourceVersion "1"]
[SourceVersionDate "1998.11.16"]
[SourceQuality "1"]

1. Nf3 f5 2. c4 Nf6 3. g3 Nc6 4. Nc3 e5 5. d3 d6 6. Bg2 g6 7. a3 Bg7 8. Qc2 0-0 9. 0-0 h6 10. Rb1 Nh5 11. b4 f4 12. Bb2 Bg4 13. Nd5 Ne7 14. Nh4 fxg3 15. hxg3 Bf5 16. Nxe7+ Qxe7 17. Nxf5 gxf5 18. Bxb7 Rab8 19. Bf3 Qg5 20. Bxh5 Qxh5 21. Qd1 Qh3 22. e4 fxe4 23. dxe4 Rf6 24. Qd3 Rbf8 25. Rbd1 Rf3 26. Qd5+ Kh8 27. Rd3 h5 28. Rxf3 Rxf3 29. Qd1 Rxg3+ 1/2-1/2